Ανάλυση περίπτωσης : Bic pen corporation : εργασία

Αποθηκεύτηκε σε:
Λεπτομέρειες βιβλιογραφικής εγγραφής
Κύριος συγγραφέας: Δάβρη, Μαρία
Συγγραφή απο Οργανισμό/Αρχή: Πανεπιστήμιο Αιγαίου. Σχολή Επιστημών της Διοίκησης. Τμήμα Διοίκησης Επιχειρήσεων
Μορφή: Thesis Βιβλίο
Γλώσσα:Greek
Δημοσίευση: Χίος : Πανεπιστήμιο Αιγαίου, Τμήμα Διοίκησης Επιχειρήσεων, 1991
Θέματα:
Ετικέτες: Προσθήκη ετικέτας
Δεν υπάρχουν, Καταχωρήστε ετικέτα πρώτοι!

MARC

LEADER 00000cam a2200000 i 4500
001 1/22776
008 011025s1991 gre d
035 |l 10067540 
040 |a GR-MY-UA  |b gre  |e aacr 
041 0 |a gre 
082 0 |a 658.4012  |2 (22) 
100 1 |a Δάβρη, Μαρία. 
245 1 0 |a Ανάλυση περίπτωσης :  |b Bic pen corporation : εργασία /  |c Μαρία Δάβρη 
260 |a Χίος :   |b Πανεπιστήμιο Αιγαίου, Τμήμα Διοίκησης Επιχειρήσεων,   |c 1991 
300 |a 24 σ.;  |c 30 εκ. 
500 |a Επιχειρησιακή στρατηγική και πολιτική 
502 |a Εργασία - Πανεπιστήμιο Αιγαίου, Τμήμα Διοίκησης Επιχειρήσεων, 1991 
610 2 0 |a Πανεπιστήμιο Αιγαίου. 
650 0 0 |a Strategic planning  |v Case studies. 
650 0 0 |a Business planning  |x Case studies. 
650 0 0 |a Business enterprises  |x Case studies. 
710 2 |a Πανεπιστήμιο Αιγαίου.   |b Σχολή Επιστημών της Διοίκησης.   |b Τμήμα Διοίκησης Επιχειρήσεων. 
852 |a INST  |b CHIOS  |c PERG  |e 20011025  |h 658.4012 ΔΑΒ  |p 005200020913  |q 005200020913  |t PERG  |y 23 
852 |a INST  |b CHIOS  |c PERG  |e 20011025  |h 658.4012 ΔΑΒ  |p 005200020933  |q 005200020933  |t PERG  |y 23 
901 |a BIBL2-2001-3 
909 |a Χ  |b 098225 
909 |a X  |b 098224 
924 |a ΔΑΒΡΗ  |b ΜΑΡΙΚΑ  |y ΧΙΟΣ  |z 2001-10 
970 |a ΝΤΟΥΜΗ  |b ΜΑΡΙΑ  |z 2001/10/25